| 000 | 00365nam a22001577a 4500 | ||
|---|---|---|---|
| 003 | OSt | ||
| 005 | 20250228103803.0 | ||
| 007 | 248 pages | ||
| 008 | 250228b |||||||| |||| 00| 0 eng d | ||
| 020 | _a9788129110930 | ||
| 040 | _c | ||
| 082 |
_a922 _bADI |
||
| 245 |
_aVivekananda World teacher _cAdiswarananda swami |
||
| 260 |
_bRupa _c2024 |
||
| 942 |
_2ddc _cBK _n0 |
||
| 999 |
_c36160 _d36160 |
||